Durante la reconquista: novela histórica
Tallennettuna:
| Päätekijä: | |
|---|---|
| Aineistotyyppi: | Kirja |
| Kieli: | espanja |
| Julkaistu: |
París
Garnier Hermanos
1897
|
| Aiheet: | |
| Tagit: |
Lisää tagi
Ei tageja, Lisää ensimmäinen tagi!
|
MARC
| LEADER | 00000nam a2200000 a 4500 | ||
|---|---|---|---|
| 001 | UCH2207 | ||
| 003 | CL-VaPUC | ||
| 008 | 090604e18970000FR |||||||||||||||||spa|d | ||
| 082 | 0 | 4 | |a Ch863 |b BLE |2 21 |
| 100 | |a Blest Gana, Alberto |e author |9 344235 | ||
| 245 | 1 | 0 | |a Durante la reconquista: novela histórica |
| 300 | |a t | ||
| 942 | |c BK | ||
| 945 | |d 20090604 00:00:00 |a rbrito | ||
| 260 | |a París |b Garnier Hermanos |c 1897 | ||
| 650 | 0 | |a Novelas chilenas |9 265425 | |
| 583 | |a last modification |c 20131114 05:32:31 |k Rodrigo Vera | ||
| 999 | |c 333994 |d 333992 | ||
| 952 | |0 0 |1 0 |4 0 |6 CH_863_000000000000000_BLE_1897 |7 0 |8 X |9 422693 |a FDOBUD |b FDOBUD |d 2019-11-22 |h t.1 |i 4555554 |o Ch863 BLE 1897 |p 4555554 |r 2019-11-22 |w 2019-11-22 |y BK_X |k BUD | ||
| 952 | |0 0 |1 0 |4 0 |6 CH_863_000000000000000_BLE_1897 |7 0 |8 X |9 422694 |a FDOBUD |b FDOBUD |d 2019-11-22 |h t.2 |i 4555562 |o Ch863 BLE 1897 |p 4555562 |r 2019-11-22 |w 2019-11-22 |y BK_X |k BUD | ||